| 000 | 01142nam a22003015a 4500 | ||
|---|---|---|---|
| 005 | 20161024140603.0 | ||
| 008 | 161018t2012 maua frb 001 0 eng d | ||
| 020 | _a9780124159341 | ||
| 040 |
_aEG-ScBUE _beng _cEG-ScBUE _dEG-ScBUE |
||
| 082 | 0 | 4 |
_a658.4038011 _bBEN _222 |
| 100 | 1 | _aBente, Stefan. | |
| 245 | 1 | 0 |
_aCollaborative enterprise architecture : _benriching EA with lean, agile, and enterprise 2.0 practices / _cStefan Bente, Uwe Bombosch, Shailendra Langade. |
| 250 | _a1st ed. | ||
| 260 |
_aWaltham : _bMorgan Kaufmann / Elsevier, _cc.2012. |
||
| 300 |
_axi, 310 p. : _bill. ; _c24 cm. |
||
| 504 | _aIncludes bibliographical references and index. | ||
| 590 | _ashima | ||
| 650 | 0 |
_aManagement information systems. _2BUEsh |
|
| 650 | 7 |
_aBusiness enterprises _xComputer networks. _2BUEsh |
|
| 650 | 7 |
_aInformation technology _xManagement. _2BUEsh |
|
| 650 | 7 |
_aSoftware architecture. _2BUEsh |
|
| 651 | _2BUEsh | ||
| 653 |
_bCOMSCI _cOctober2016 |
||
| 700 | 1 | _aBombosch, Uwe. | |
| 700 | 1 | _aLangade, Shailendra. | |
| 856 | 4 | 0 |
_uhttp://www.columbia.edu/cgi-bin/cul/resolve?clio12201893 _zClick here for full text. |
| 942 | _2ddc | ||
| 999 |
_c22694 _d22666 |
||